Mathematische Grundlagen der Systemanalyse Ausgewählte moderne Verjahren

Gespeichert in:
Bibliographische Detailangaben
1. Verfasser: Göldner, Klaus
Format: Buch
Sprache:Deutsch
Veröffentlicht: Leipzig Fachbuchverlag 1982
Schriftenreihe:Mathematik für Ingenieure
Tags: Tag hinzufügen
Keine Tags, Fügen Sie das erste Tag hinzu!

MARC

LEADER 00000nam a2200000 4500
001 c129513
005 20260128075109.6
041 0 |a ger 
044 |a DE 
245 1 0 |a Mathematische Grundlagen der Systemanalyse  |b Ausgewählte moderne Verjahren  |c Klaus Göldner 
264 1 |a Leipzig  |b Fachbuchverlag  |c 1982 
300 |a 264 s. 
490 1 |a Mathematik für Ingenieure 
830 0 |a Mathematik für Ingenieure 
100 1 |a Göldner, Klaus